00330pab a2200133 454500008004000000100002200040245005800062260000900120300001300129362001400142650001100156650001200167773001700179180718b2012 xxu||||| |||| 00| 0 eng d aHaokip, George T. aKuki - Chin - Mizo Jewish identily in Northeast India c2012 ap.79-91. aJan - Mar aTribes aIdently aMan in India